00345cam a22001097a 4500008004000000082002200040100002200062245007900084260002600163300000900189650003700198180718b1988 xxu||||| |||| 00| 0 eng d aB142x54 Sh23r CRS aSharma, Prem Lata aRural women in education: a study in underachievementcby Prem Lata Sharma aDelhibSterlingc1988 a95p. aWomen, Rural - Education - India